<?xml version="1.0" encoding="UTF-8"?>
<record
    xmlns:xsi="http://www.w3.org/2001/XMLSchema-instance"
    xsi:schemaLocation="http://www.loc.gov/MARC21/slim http://www.loc.gov/standards/marcxml/schema/MARC21slim.xsd"
    xmlns="http://www.loc.gov/MARC21/slim">

  <leader>00385nam a22001337a 4500</leader>
  <controlfield tag="003">SGT</controlfield>
  <datafield tag="082" ind1=" " ind2=" ">
    <subfield code="a">615.53</subfield>
    <subfield code="b">C00K</subfield>
  </datafield>
  <datafield tag="100" ind1=" " ind2=" ">
    <subfield code="a">KUMAR,ABHIMANYU</subfield>
  </datafield>
  <datafield tag="245" ind1=" " ind2=" ">
    <subfield code="a">CONSERVATION CULTIVATION AND EXPLORATION OF THE RAPEUTIC  POTENTIAL OF MEDICINAL PLANTS</subfield>
  </datafield>
  <datafield tag="260" ind1=" " ind2=" ">
    <subfield code="a">DELHI</subfield>
    <subfield code="b">MINISTRY OF HEALTH &amp; FAMILY WELFARE.</subfield>
    <subfield code="c">S.N</subfield>
  </datafield>
  <datafield tag="300" ind1=" " ind2=" ">
    <subfield code="a">514</subfield>
  </datafield>
  <datafield tag="650" ind1=" " ind2=" ">
    <subfield code="a">AYURVEDA MEDICINAL PLANTS</subfield>
  </datafield>
  <datafield tag="942" ind1=" " ind2=" ">
    <subfield code="2">ddc</subfield>
    <subfield code="c">BK</subfield>
  </datafield>
  <datafield tag="952" ind1=" " ind2=" ">
    <subfield code="0">0</subfield>
    <subfield code="1">0</subfield>
    <subfield code="2">ddc</subfield>
    <subfield code="4">0</subfield>
    <subfield code="5">1</subfield>
    <subfield code="7">0</subfield>
    <subfield code="8">FA</subfield>
    <subfield code="a">APL</subfield>
    <subfield code="b">APL</subfield>
    <subfield code="c">REF</subfield>
    <subfield code="d">2016-03-29</subfield>
    <subfield code="e">C.C.R.A.S.</subfield>
    <subfield code="g">670.00</subfield>
    <subfield code="i">SGTU</subfield>
    <subfield code="o">615.53 C00K</subfield>
    <subfield code="p">FA4629</subfield>
    <subfield code="r">2016-03-29 00:00:00</subfield>
    <subfield code="w">2016-01-13</subfield>
    <subfield code="y">BK</subfield>
    <subfield code="k">14294</subfield>
  </datafield>
  <datafield tag="952" ind1=" " ind2=" ">
    <subfield code="0">0</subfield>
    <subfield code="1">0</subfield>
    <subfield code="2">ddc</subfield>
    <subfield code="4">0</subfield>
    <subfield code="5">1</subfield>
    <subfield code="7">0</subfield>
    <subfield code="8">FA</subfield>
    <subfield code="a">APL</subfield>
    <subfield code="b">APL</subfield>
    <subfield code="c">REF</subfield>
    <subfield code="d">2016-03-29</subfield>
    <subfield code="e">C.C.R.A.S.</subfield>
    <subfield code="g">670.00</subfield>
    <subfield code="i">SGTU</subfield>
    <subfield code="o">615.53 C00K</subfield>
    <subfield code="p">FA4630</subfield>
    <subfield code="r">2016-03-29 00:00:00</subfield>
    <subfield code="w">2016-01-13</subfield>
    <subfield code="y">BK</subfield>
    <subfield code="k">14294</subfield>
  </datafield>
  <datafield tag="952" ind1=" " ind2=" ">
    <subfield code="0">0</subfield>
    <subfield code="1">0</subfield>
    <subfield code="2">ddc</subfield>
    <subfield code="4">0</subfield>
    <subfield code="5">1</subfield>
    <subfield code="7">0</subfield>
    <subfield code="8">FA</subfield>
    <subfield code="a">APL</subfield>
    <subfield code="b">APL</subfield>
    <subfield code="c">REF</subfield>
    <subfield code="d">2016-03-29</subfield>
    <subfield code="e">C.C.R.A.S.</subfield>
    <subfield code="g">670.00</subfield>
    <subfield code="i">SGTU</subfield>
    <subfield code="o">615.53 C00K</subfield>
    <subfield code="p">FA4631</subfield>
    <subfield code="r">2016-03-29 00:00:00</subfield>
    <subfield code="w">2016-01-13</subfield>
    <subfield code="y">BK</subfield>
    <subfield code="k">14294</subfield>
  </datafield>
  <datafield tag="952" ind1=" " ind2=" ">
    <subfield code="0">0</subfield>
    <subfield code="1">0</subfield>
    <subfield code="2">ddc</subfield>
    <subfield code="4">0</subfield>
    <subfield code="5">1</subfield>
    <subfield code="7">0</subfield>
    <subfield code="8">FA</subfield>
    <subfield code="a">APL</subfield>
    <subfield code="b">APL</subfield>
    <subfield code="c">REF</subfield>
    <subfield code="d">2016-03-29</subfield>
    <subfield code="e">C.C.R.A.S.</subfield>
    <subfield code="g">670.00</subfield>
    <subfield code="i">SGTU</subfield>
    <subfield code="o">615.53 C00K</subfield>
    <subfield code="p">FA4632</subfield>
    <subfield code="r">2016-03-29 00:00:00</subfield>
    <subfield code="w">2016-01-13</subfield>
    <subfield code="y">BK</subfield>
    <subfield code="k">14294</subfield>
  </datafield>
  <datafield tag="999" ind1=" " ind2=" ">
    <subfield code="c">8651</subfield>
    <subfield code="d">8651</subfield>
  </datafield>
</record>
